Adam smith and the origins of american enterprise : (Record no. 15059)

000 -LEADER
fixed length control field 01779nam a2200277 a 4500
001 - CONTROL NUMBER
control field ASIN0312285523
005 - DATE AND TIME OF LATEST TRANSACTION
control field 20170105102910.0
008 - FIXED-LENGTH DATA ELEMENTS--GENERAL INFORMATION
fixed length control field 131025s2002 xxu eng d
020 ## - INTERNATIONAL STANDARD BOOK NUMBER
International Standard Book Number 0312285523 (hardcover)
Terms of availability $23.95
020 ## - INTERNATIONAL STANDARD BOOK NUMBER
International Standard Book Number 9780312285524 (hardcover)
040 ## - CATALOGING SOURCE
Original cataloging agency 0
050 04 - LIBRARY OF CONGRESS CALL NUMBER
Classification number HC105
082 04 - DEWEY DECIMAL CLASSIFICATION NUMBER
Classification number 330.153
100 1# - MAIN ENTRY--PERSONAL NAME
Personal name Smith, Roy C.
245 10 - TITLE STATEMENT
Title Adam smith and the origins of american enterprise :
Remainder of title how america's industrial success was forged by the timely ideas of a brilliant scots economist /
Statement of responsibility, etc. Roy C. Smith.
250 ## - EDITION STATEMENT
Edition statement First Edition.
260 ## - PUBLICATION, DISTRIBUTION, ETC.
Place of publication, distribution, etc. [S.l.] :
Name of publisher, distributor, etc. Truman Talley Books,
Date of publication, distribution, etc. 2002.
300 ## - PHYSICAL DESCRIPTION
Extent 240 p. ;
Dimensions 22 cm.
520 ## - SUMMARY, ETC.
Summary, etc. Adam Smith was a Scottish professor of moral philosophy. He published his classic The Wealth of Nations in 1776, the year the American Revolution began. Smith became widely known for his ideas of free markets, laissez-faire commerce, and the "invisible hand." Yet English politicians, landed gentry, and the nobility paid little attention and enacted none of Smith's suggested reforms. The American colonies, however, began their existence as an independent nation in 1781 with no money, no industry, no banks, and deep in debt. The Founding Fathers-particularly Alexander Hamilton, James Madison, and Benjamin Franklin-turned to the ideas of Adam Smith to create and jump-start an economic system for America with both immediate and long-sustained results. This little-known but vital part of U.S. history is now revealed in Roy C. Smith's highly readable new book.
650 #0 - SUBJECT ADDED ENTRY--TOPICAL TERM
Topical term or geographic name entry element Economic history
650 #0 - SUBJECT ADDED ENTRY--TOPICAL TERM
Topical term or geographic name entry element Free enterprise
650 #0 - SUBJECT ADDED ENTRY--TOPICAL TERM
Topical term or geographic name entry element Smith, Adam, 1723-1790
650 #0 - SUBJECT ADDED ENTRY--TOPICAL TERM
Topical term or geographic name entry element United States
856 40 - ELECTRONIC LOCATION AND ACCESS
Materials specified Amazon.com
Uniform Resource Identifier <a href="http://www.amazon.com/exec/obidos/ASIN/0312285523/chopaconline-20">http://www.amazon.com/exec/obidos/ASIN/0312285523/chopaconline-20</a>
942 ## - ADDED ENTRY ELEMENTS (KOHA)
Source of classification or shelving scheme
Koha item type Book
Holdings
Withdrawn status Lost status Damaged status Not for loan Collection code Permanent Location Current Location Shelving location Date acquired Total Checkouts Full call number Barcode Date last seen Price effective from Koha item type
          Central Library (CL) Central Library (CL) General Stacks 10/01/2013   330.153 SMI 2002 CIPS0001134 08/12/2021 10/25/2013 Book
© 2023 Central Library, National University of Sciences and Technology. All Rights Reserved.